000 00969cam a2200301 a 4500
005 20260322212038.0
008 data
010 _a 2002042829
020 _a0743204735
020 _a9780743204736
040 _aDLC
_cDLC
043 _an-us---
050 0 0 _aE903.3
_b.W66 2002
092 _a973.93 W66 2002
100 1 _aWoodward, Bob.
245 1 0 _aBush at war /
_cBob Woodward.
260 _aNew York :
_bSimon & Schuster,
_c2002.
300 _axix, 376 p. :
_bill., map
_c25 cm.
504 _aIncludes index.
600 1 0 _aBush, George W.
_q(George Walker),
_d1946-
_xMilitary leadership.
600 1 0 _aBush, George W.
_q(George Walker),
_d1946-
_vInterviews.
650 0 _aWar on Terrorism, 2001-
650 0 _aSeptember 11 Terrorist Attacks, 2001.
650 0 _aNational security
_zUnited States
_xDecision making.
651 0 _aUnited States
_xDecision making.
_xDecision making.
651 0 _aUnited States
_xOfficials and employees
_vInterviews.
001 data
999 _c884
_d884